Bankovníctví 2 : Učebnice

Guardado en:
Detalles Bibliográficos
Autor principal: Šenkýřová, Bohuslava (Autor)
Formato: Libro
Lenguaje:eslovaco
Publicado: Praha : Grada Publishing, 1998
Materias:
Acceso en línea:OBSAH
Etiquetas: Agregar Etiqueta
Sin Etiquetas, Sea el primero en etiquetar este registro!

MARC

LEADER 00000nam a22000003a 4500
001 stu51822
005 20190206132346.3
008 000128s1998----xr------------------slo-d
020 |a 80-7169-663-3 
040 |a STU  |b slo 
041 0 |a slo 
044 |a xr 
080 |a 336.7 
100 1 |a Šenkýřová, Bohuslava  |4 aut 
245 1 |a Bankovníctví 2 :  |b Učebnice 
260 |a Praha :  |b Grada Publishing,  |c 1998 
650 7 |a bankovníctvo  |2 stusub 
856 4 |a https://sweb.mtf.stuba.sk/obsahy/bankovnictvi_2_ucebnice_98.pdf  |u https://sweb.mtf.stuba.sk/obsahy/bankovnictvi_2_ucebnice_98.pdf  |3 OBSAH 
996 |b 284EK83114  |c R*83114  |l RRUM  |s A  |a 24  |w stu51822_0001